| 000 | 00552nam a2200217Ia 4500 | ||
|---|---|---|---|
| 003 | OSt | ||
| 005 | 20220918201945.0 | ||
| 006 | a|||||r|||| 00| 0 | ||
| 007 | ta | ||
| 008 | 220917b |||||||| |||| 00| 0 eng d | ||
| 024 | _a97,720 | ||
| 037 | _cTextual | ||
| 040 |
_aARTS _cARTS _beng |
||
| 041 |
_2eng _aeng |
||
| 082 | _aV2:25jM67, J2 | ||
| 245 | 0 | _aBaba Kharak Singh Abhinandan granth 86 birthday commemoration volume | |
| 260 | _c1952 | ||
| 650 | _aHISTORY | ||
| 942 |
_hV2:25jM67, J2 _cTEXL _2CC |
||
| 999 |
_c221314 _d221314 |
||